Statistics for Oklahoma City Thunder Leaders Per Year

Click here to take the quiz!

General Stats

  • This quiz has been taken 367 times
    (104 since last reset)
  • The average score is 15 of 59

Answer Stats

Player% Correct
Kevin Durant
100%
Russell Westbrook
100%
Chris Paul
98%
Steven Adams
91%
Gary Payton
89%
Paul George
87%
Shawn Kemp
83%
Serge Ibaka
81%
Shai Gilgeous-Alexander
81%
Ray Allen
61%
Jack Sikma
48%
Dennis Johnson
41%
Nick Collison
39%
Vinnie Johnson
39%
John Johnson
39%
Rashard Lewis
37%
Gus Williams
33%
Andre Roberson
31%
Mike Green
31%
Nerlens Noel
31%
Jerami Grant
30%
Horace Grant
30%
Dale Ellis
26%
Luke Ridnour
19%
Fred Brown
17%
Patrick Ewing
17%
Vin Baker
17%
Lenny Wilkens
15%
Nate McMillan
15%
Spencer Haywood
13%
Brent Barry
11%
Tom Chambers
11%
Jerome James
11%
Ricky Pierce
9%
Robert Swift
9%
Olden Polynice
9%
Slick Watts
7%
Earl Watson
6%
Kurt Thomas
6%
Reggie Evans
4%
Alton Lister
2%
Derrick McKey
2%
Gerald Henderson
2%
Bob Rule
2%
Paul Westphal
2%
Walt Hazzard
2%
Lonnie Shelton
2%
Pete Cross
0%
Nenad Krstic
0%
Tom Burleson
0%
Jim McIlvaine
0%
Nick Weatherspoon
0%
Marvin Webster
0%
James Bailey
0%
James Donaldson
0%
Calvin Booth
0%
Michael Cage
0%
Benoit Benjamin
0%
Tom Meschery
0%

Score Distribution

Percentile by Number Answered

Percent of People with Each Score

Your Score History

You have not taken this quiz since the last reset